Candide and other stories / (Record no. 153484)

MARC details
000 -LEADER
fixed length control field 00897nam a2200253 a 4500
008 - FIXED-LENGTH DATA ELEMENTS--GENERAL INFORMATION
fixed length control field
020 ## - INTERNATIONAL STANDARD BOOK NUMBER
International Standard Book Number 1857151305 (cased)
049 1# - LOCAL HOLDINGS (OCLC)
Holding library MAIN
090 00 - LOCALLY ASSIGNED LC-TYPE CALL NUMBER (OCLC); LOCAL CALL NUMBER (RLIN)
Classification number (OCLC) (R) ; Classification number, CALL (RLIN) (NR) PQ2082.C3
003 - CONTROL NUMBER IDENTIFIER
control field
005 - DATE AND TIME OF LATEST TRANSACTION
control field 20230123133723.0
040 ## - CATALOGING SOURCE
Transcribing agency NUST
245 10 - TITLE STATEMENT
Title Candide and other stories /
Statement of responsibility, etc. Voltaire ; translated with an introduction and notes, by Roger Pearson.
260 ## - PUBLICATION, DISTRIBUTION, ETC.
Place of publication, distribution, etc. Oxford :
Name of publisher, distributor, etc. Oxford University Press,
Date of publication, distribution, etc. 1990.
300 ## - PHYSICAL DESCRIPTION
Extent lviii, 307 p. ;
Dimensions 22 cm.
440 #4 - SERIES STATEMENT/ADDED ENTRY--TITLE
Title The World's classics.
440 ## - SERIES STATEMENT/ADDED ENTRY--TITLE
Title Everyman's Library ;
Volume/sequential designation 130.
504 ## - BIBLIOGRAPHY, ETC. NOTE
Bibliography, etc. note Includes bibliographical references : p. xxxix.
505 0# - FORMATTED CONTENTS NOTE
Formatted contents note Candide -- Micromegas -- Zadig -- The ingenu -- The white bull.
600 10 - SUBJECT ADDED ENTRY--PERSONAL NAME
Personal name Voltaire,
Dates associated with a name 1694-1778
General subdivision Translations into English.
650 ## - SUBJECT ADDED ENTRY--TOPICAL TERM
Topical term or geographic name entry element French Literature
Active dates 18th century
907 ## - LOCAL DATA ELEMENT G, LDG (RLIN)
a .b10123787
b 01-06-04
c 31-05-04
942 ## - ADDED ENTRY ELEMENTS (KOHA)
Koha item type Ordinary Loan Books
Call number prefix PQ2082.C3
Holdings
Date last seen Total Checkouts Full call number Barcode Cost, replacement price Price effective from Koha item type Lost status Source of classification or shelving scheme Damaged status Not for loan Collection Withdrawn status Home library Current library Shelving location Date acquired Cost, normal purchase price
01/23/2023 2 PQ2082.C3 VOL 92003020596 80.00 01/23/2023 BOOKS   LCC     NFIC   MAIN MAIN GEN 01/23/2023 80.00